| 000 | 00765nam a2200205 a 4500 | ||
|---|---|---|---|
| 005 | 20210223121614.0 | ||
| 008 | 991125c1999 mx 000 0 spa u | ||
| 035 | _aUPN01000020724 | ||
| 049 | _aAV | ||
| 099 | _aPV1 N 0796 | ||
| 100 | 1 | _aZapata, Erika | |
| 245 | 1 | 3 |
_aEl espacio múltiple : _bManuel Felguérez / _cdir. Erika Zapata. |
| 260 |
_aMéxico : _bCanal 22 : _aCNCA, _c1999. |
||
| 300 | _a1 videocasete (VHS) (56 min.) | ||
| 440 | 0 |
_aArtes visuales. _pCreadores eméritos |
|
| 520 | _aPrograma testimonial que aborda la vida y obra de Manuel Felguérez : el muralismo, la escultura monumental, la pintura, la gráfica y la investigación estética | ||
| 600 | 4 |
_aFELGUEREZ, MANUEL, - _d1928- |
|
| 650 | 4 |
_aARTE ABSTRACTO _92510 |
|
| 905 | _aAudiovisuales | ||
| 999 |
_c20724 _d20724 |
||